<?xml version="1.0" encoding="UTF-8"?><?xml-stylesheet type="text/xsl" href="static/style.xsl"?><OAI-PMH xmlns="http://www.openarchives.org/OAI/2.0/" xmlns:xsi="http://www.w3.org/2001/XMLSchema-instance" xsi:schemaLocation="http://www.openarchives.org/OAI/2.0/ http://www.openarchives.org/OAI/2.0/OAI-PMH.xsd"><responseDate>2026-04-14T04:12:45Z</responseDate><request verb="GetRecord" identifier="oai:www.recercat.cat:20.500.12327/1872" metadataPrefix="marc">https://recercat.cat/oai/request</request><GetRecord><record><header><identifier>oai:recercat.cat:20.500.12327/1872</identifier><datestamp>2025-10-22T11:06:25Z</datestamp><setSpec>com_2072_4428</setSpec><setSpec>com_2072_4427</setSpec><setSpec>col_2072_487898</setSpec></header><metadata><record xmlns="http://www.loc.gov/MARC21/slim" xmlns:dcterms="http://purl.org/dc/terms/" xmlns:xsi="http://www.w3.org/2001/XMLSchema-instance" xmlns:doc="http://www.lyncode.com/xoai" xsi:schemaLocation="http://www.loc.gov/MARC21/slim http://www.loc.gov/standards/marcxml/schema/MARC21slim.xsd">
   <leader>00925njm 22002777a 4500</leader>
   <datafield ind2=" " ind1=" " tag="042">
      <subfield code="a">dc</subfield>
   </datafield>
   <datafield ind2=" " ind1=" " tag="720">
      <subfield code="a">Carabús, Anna</subfield>
      <subfield code="e">author</subfield>
   </datafield>
   <datafield ind2=" " ind1=" " tag="720">
      <subfield code="a">Gispert, Marina</subfield>
      <subfield code="e">author</subfield>
   </datafield>
   <datafield ind2=" " ind1=" " tag="720">
      <subfield code="a">Font-i-Furnols, Maria</subfield>
      <subfield code="e">author</subfield>
   </datafield>
   <datafield ind2=" " ind1=" " tag="260">
      <subfield code="c">2016-08-31</subfield>
   </datafield>
   <datafield ind2=" " ind1=" " tag="520">
      <subfield code="a">Image techniques are increasingly being applied to livestock animals. This paper overviews recent advances in image processing analysis for live pigs, including ultrasound, visual image analysis by monitoring, dual-energy X-ray absorptiometry, magnetic resonance imaging and computed tomography. The methodology for live pigs evaluation, advantages and disadvantages of different devices, the variables and measurements analysed, the predictions obtained using these measurements and their accuracy are discussed in the present paper. Utilities of these technologies for livestock purposes are also reviewed. Computed tomography and magnetic resonance imaging yield useful results for the estimation of the amount of fat and lean mass either in live pigs or in carcasses. Ultrasound is not sufficiently accurate when high precision in estimating pig body composition is necessary but can provide useful information in agriculture to classify pigs for breeding purposes or before slaughter. Improvements in factors, such as the speed of scanning, cost and image accuracy and processing, would advance the application of image processing technologies in&#xd;
livestock animals.</subfield>
   </datafield>
   <datafield ind1="8" ind2=" " tag="024">
      <subfield code="a">Carabús, Anna, Marina Gispert, and Maria Font-i-Furnols. 2016. "Imaging Technologies To Study The Composition Of Live Pigs: A Review". Spanish Journal Of Agricultural Research 14 (3): e06R01. doi:10.5424/sjar/2016143-8439.</subfield>
   </datafield>
   <datafield ind1="8" ind2=" " tag="024">
      <subfield code="a">1695-971X</subfield>
   </datafield>
   <datafield ind1="8" ind2=" " tag="024">
      <subfield code="a">http://hdl.handle.net/20.500.12327/1872</subfield>
   </datafield>
   <datafield ind1="8" ind2=" " tag="024">
      <subfield code="a">https://doi.org/10.5424/sjar/2016143-8439</subfield>
   </datafield>
   <datafield ind2="0" ind1="0" tag="245">
      <subfield code="a">Imaging technologies to study the composition of live pigs: a review</subfield>
   </datafield>
</record></metadata></record></GetRecord></OAI-PMH>